| 000 | 00955cam a2200313 a 4500 | ||
|---|---|---|---|
| 001 | 1389328 | ||
| 003 | OSt | ||
| 005 | 20140310182241.0 | ||
| 008 | 821103s1983 enk b 000 1 eng | ||
| 010 | _a 82022324 | ||
| 020 |
_a0812523016 (pbk.) : _c$3.95 |
||
| 040 |
_aDLC _cDLC _dDLC _dOCoLC _dDLC |
||
| 043 | _ae-rm--- | ||
| 050 | 0 | 0 |
_aPR 6037 _b.St874 1988 |
| 082 | 0 | 0 |
_aFIC _bSt6d 1988 |
| 100 | 1 |
_aStoker, Bram, _d1847-1912. _913226 |
|
| 245 | 1 | 0 |
_aDracula / _cBram Stoker. |
| 260 |
_aNew York : _bTom Book, _cc1988. |
||
| 300 |
_a128 p. : _c18 cm. |
||
| 440 | 4 |
_aThe World's classics _93016 |
|
| 650 | 0 |
_aDracula _vFiction. _913227 |
|
| 651 | 0 | _913230 | |
| 655 | 7 |
_aHorror fiction. _2gsafd _93405 |
|
| 700 | 1 |
_aWilson, A. N., _d1950- _913231 |
|
| 856 | 4 | 2 |
_3Publisher description _uhttp://www.loc.gov/catdir/enhancements/fy0640/82022324-d.html |
| 906 |
_a7 _bcbc _corignew _d1 _eocip _f19 _gy-gencatlg |
||
| 942 |
_2lcc _cBK-FIC |
||
| 999 |
_c11139 _d11139 |
||